Estatísticas para Quiz de Kiribati

Clique aqui para jogar o quiz

Estatísticas Gerais

  • Esse quiz foi jogado 268 vezes
  • A pontuação média é 9 de 13

Estatísticas das Respostas

DicaResposta% Correto
Línguas oficiaisInglês
97%
País do qual Kiribati conquistou sua independência em 1979Reino Unido
93%
Moeda oficialDólar
86%
Religião dominanteCristianismo
85%
País que ocupou partes de Kiribati de 1941 a 1943Japão
81%
País que se separou de Kiribati para se tornar seu próprio país em 1976Tuvalu
77%
Línguas oficiaisGilbertês
71%
Excluindo territórios externos, Kiribati é o único país a ter terra nos quatro _________Hemisférios
70%
CapitalTarawa
69%
Comida que representa 91% das exportaçõesPeixe
68%
Kiribati tem 33 desse tipo de grupos de ilhaAtóis
65%
Tipo de pássaro que aparece na bandeira de Kiribati (dica: um tipo de navio)Fregata
39%
Esta sendo a maior dos acimaKiritimati
27%

Distribuição das Pontuações

Percentil de Números Respondidos

Porcentagem de Pessoas com Cada Pontuação

Sua Pontuação Histórica

Você não jogou esse quiz